A short history of english drama

Guardado en:
Bibliografiske detaljer
Hovedforfatter: Evans, Sir Ifor
Format: Bog
Sprog:Undetermined
Udgivet: Boston, Estados Unidos Houghton Mifflin 1965
Udgivelse:2
Fag:
Tags: Tilføj Tag
Ingen Tags, Vær først til at tagge denne postø!

MARC

LEADER 00000nam a2200000Ia 4500
008 170316s9999 xx 000 0 und d
040 |a cru BVZT 
090 |a A-820 E-8a 
100 |a Evans, Sir Ifor 
245 2 |a A short history of english drama 
250 |a 2 
260 |a Boston, Estados Unidos 
260 |b Houghton Mifflin 
260 |c 1965 
300 |a 216 páginas 
650 |a LITERATURA INGLESA 
650 |a ANTOLOGÍA 
999 |c 12352  |d 12352 
942 |c 15 D  |h A-820 E-8a  |2 z